[Event "Bicaz City Cup"]
[Site "Bicaz"]
[Date "2020.03.06"]
[Round "2"]
[White "Danilov, Vladimir"]
[Black "Bulgaru, Daniel Alexandru"]
[Result "1-0"]
[WhiteElo "2388"]
[BlackElo "1706"]
[PlyCount "45"]
[EventDate "2020.03.05"]
[EventType "swiss"]
[EventRounds "7"]
[EventCountry "ROU"]
[SourceTitle "CBM 195 Extra"]
[Source "ChessBase"]
[SourceDate "2020.05.31"]
[SourceVersion "1"]
[SourceVersionDate "2020.05.31"]
[SourceQuality "1"]

1. d4 g6 2. c4 Bg7 3. g3 Nf6 4. Bg2 d5 5. cxd5 Nxd5 6. Nf3 0-0 7. 0-0 c6 8. e4 Nb6 9. h3 N8d7 10. Nc3 Qc7 11. Qc2 e5 12. dxe5 Nxe5 13. Nxe5 Bxe5 14. f4 Bd4+ 15. Kh2 Be6 16. Nb5 Qd8 17. Nxd4 Qxd4 18. Rd1 Qc4 19. Qf2 Rad8 20. b3 Qb5 21. Bb2 Qh5 22. Qc2 Bg4 23. Qc3 1-0